LEADER 00921nam0-2200325---450- 001 990008164080403321 005 20050715104908.0 010 $a0-521-52788-0 035 $a000816408 035 $aFED01000816408 035 $a(Aleph)000816408FED01 035 $a000816408 100 $a20050715d2003----km-y0itay50------ba 101 0 $aeng 102 $aGB 105 $ay-------001yy 200 1 $aConfucianism for the modern world$fedited by Daniel A. Bell, Hahm Chaibong 210 $aCambridge$cCambridge University Press$d2003 215 $aXIV, 384 p.$d23 cm 610 0 $aConfucianismo$a20. sec. 676 $a181.112$v21$zita 702 1$aBell,$bDaniel A. 702 1$aChaibong,$bHahm 801 0$aIT$bUNINA$gRICA$2UNIMARC 901 $aBK 912 $a990008164080403321 952 $aXIII A 335$b41793$fFSPBC 959 $aFSPBC 996 $aConfucianism for the modern world$9736832 997 $aUNINA LEADER 01447nas 2200493- 450 001 9910228460003321 005 20230120002253.0 011 $a2212-9588 035 $a(OCoLC)861351442 035 $a(CKB)3710000000382538 035 $a(CONSER)--2013247788 035 $a(EXLCZ)993710000000382538 100 $a20131024a20149999 --- - 101 0 $aeng 135 $aur||||||||||| 181 $ctxt$2rdacontent 182 $cc$2rdamedia 183 $acr$2rdacarrier 200 00$aAdvances in integrative medicine 210 1$a[Philadelphia, PA] :$cElsevier,$d[2014]- 215 $a1 online resource 300 $aRefereed/Peer-reviewed 311 $a2212-9596 517 1 $aAIMED 531 $aAIMED 606 $aIntegrative medicine$vPeriodicals 606 $aAlternative medicine$vPeriodicals 606 $aIntegrative Medicine 606 $aAlternative medicine$2fast$3(OCoLC)fst00806153 606 $aIntegrative medicine$2fast$3(OCoLC)fst00975672 608 $aPeriodical 608 $aPeriodicals.$2fast 608 $aPeriodicals.$2lcgft 610 $aAlternative Medicine 615 0$aIntegrative medicine 615 0$aAlternative medicine 615 2$aIntegrative Medicine 615 7$aAlternative medicine. 615 7$aIntegrative medicine. 676 $a615.5 906 $aJOURNAL 912 $a9910228460003321 996 $aAdvances in integrative medicine$91494222 997 $aUNINA